Quiz o logach restauracji Fast Food - Statystyki

Ogólne statystyki
  • Ten quiz został rozwiązany 7 549 razy
  • Średni wynik to 7 z 20
Statystyki odpowiedzi
Obrazkowy Odpowiedź % Poprawnych
KFC
98%
McDonald's
95%
Burger King
93%
Subway
92%
Starbucks
86%
Pizza Hut
82%
Taco Bell
52%
Wendy's
41%
Dunkin' Donuts
28%
Panda Express
17%
In-N-Out
11%
Chick-fil-A
9%
Arby's
7%
White Castle
7%
Sonic
6%
Jack in the Box
4%
Carl's Jr.
3%
Dairy Queen
3%
Whataburger
3%
Panera
2%
Nie znaleziono quizów pasujących do podanych kryteriów
Rozkład punktacji
Procent ludzi z każdym wynikiem
Percentyl według liczby udzielonych odpowiedzi
Twoja historia wyników
Nie rozwiązałeś tego quizu